| Tag |
First Indicator |
Second Indicator |
Subfields |
| LEADER |
00000cas a2200000 a 4500 |
| 001 |
in00000046730 |
| 005 |
20151007075354.0 |
| 008 |
750918d19481999gw qxzp 0 a0ger |
| 010 |
|
|
|a 51026485
|
| 022 |
|
|
|a 0012-0308
|
| 030 |
|
|
|a DHYZA7
|
| 035 |
|
|
|a (OCoLC)ocm01633636
|
| 035 |
|
|
|a (OCoLC)01633636
|
| 035 |
|
|
|9 AAF3097AM
|
| 040 |
|
|
|a DLC
|c FUL
|d COO
|d YUS
|d UCU
|d MUL
|d AIP
|d NSD
|d MUL
|d NST
|d DLC
|d WAU
|d GUA
|d WAU
|d UtOrBLW
|
| 041 |
0 |
|
|a ger
|a eng
|b fre
|
| 042 |
|
|
|a nsdp
|a lc
|
| 049 |
|
|
|a TXAM
|
| 050 |
0 |
0 |
|a VK588
|b .D4
|
| 210 |
0 |
|
|a Dtsch. hydrogr. Z.
|
| 222 |
|
0 |
|a Deutsche hydrographische Zeitschrift
|
| 245 |
0 |
0 |
|a Deutsche hydrographische Zeitschrift /
|c Deutsches Hydrographisches Institut, Hamburg = The German hydrographic journal / German Hydrographic Institute, Hamburg.
|
| 246 |
3 |
1 |
|a German hydrographic journal
|
| 246 |
3 |
1 |
|a German journal of hydrography
|
| 264 |
|
1 |
|a Hamburg :
|b Das Institut,
|c [1948]-1999.
|
| 300 |
|
|
|a 15 volumes :
|b illustrations ;
|c 26-30 cm.
|
| 310 |
|
|
|a 4 no. a year,
|b 1994-
|
| 321 |
|
|
|a Six no. a year,
|b 1948-1993
|
| 336 |
|
|
|a text
|b txt
|2 rdacontent
|
| 337 |
|
|
|a unmediated
|b n
|2 rdamedia
|
| 338 |
|
|
|a volume
|b nc
|2 rdacarrier
|
| 362 |
0 |
|
|a Bd. 1, Heft 1 (Jan. 1948)-v. 51, no. 4 (1999).
|
| 500 |
|
|
|a Title from cover.
|
| 500 |
|
|
|a Issues for 1949-1993 lack English title; issues for 1994-1999 have English title: German journal of hydrography.
|
| 510 |
2 |
|
|a FLUIDEX
|b 1973-
|
| 510 |
2 |
|
|a Selected water resources abstracts
|x 0037-136X
|
| 510 |
2 |
|
|a Excerpta medica
|
| 510 |
2 |
|
|a International aerospace abstracts
|x 0020-5842
|
| 510 |
2 |
|
|a Energy research abstracts
|x 0160-3604
|
| 546 |
|
|
|a In German with English and German summaries, 1948- ; in German and English with English, French, and German summaries, <1993>-1999.
|
| 550 |
|
|
|a Issued by: Bundesamt für Seeschiffahrt und Hydrographie, <1991/92>-1999.
|
| 555 |
|
|
|a Vols. 11 (1958)-26 (1973). 1 v.
|
| 650 |
|
0 |
|a Hydrography
|v Periodicals.
|
| 650 |
|
0 |
|a Oceanography
|v Periodicals.
|
| 650 |
|
0 |
|a Marine meteorology
|v Periodicals.
|
| 710 |
2 |
|
|a Deutsches Hydrographisches Institut.
|
| 710 |
1 |
|
|a Germany.
|b Bundesamt für Seeschifffahrt und Hydrographie.
|
| 770 |
0 |
|
|t Deutsche hydrographische Zeitschrift. Ergänzungsheft
|g 1952-1955
|w (DLC)sn 95043353
|w (OCoLC)32588393
|
| 770 |
0 |
|
|t Ergänzungsheft zur Deutschen hydrographischen Zeitschrift. Reihe A (8⁰)
|g 1957-1973
|w (DLC)sn 95043351
|w (OCoLC)32588419
|
| 770 |
0 |
|
|t Deutsche hydrographische Zeitschrift. Ergänzungsheft. Reihe A
|g 1978-1991
|x 0070-4164
|w (DLC)sn 95043350
|w (OCoLC)1633686
|
| 770 |
0 |
|
|t Ergänzungsheft zur Deutschen hydrographischen Zeitschrift. Reihe B (4⁰)
|g 1956-1973
|w (DLC)sn 95043356
|w (OCoLC)32583879
|
| 770 |
0 |
|
|t Deutsche hydrographische Zeitschrift. Ergänzungsheft. Reihe B
|g 1980-1993
|x 0070-4172
|w (DLC)sn 95043357
|w (OCoLC)1633728
|
| 770 |
0 |
|
|t Deutsche hydrographische Zeitschrift. Supplement
|g 1994-
|x 0946-2015
|w (DLC)sn 98047738
|w (OCoLC)32288457
|
| 780 |
0 |
0 |
|t Annalen der Hydrographie und maritimen Meteorologie
|w (OCoLC)1481210
|
| 785 |
0 |
0 |
|t Ocean dynamics
|x 1616-7341
|w (DLC) 2001229247
|w (OCoLC)48540005
|
| 850 |
|
|
|a DLC
|a ICRL
|a NN
|a WaU
|
| 994 |
|
|
|a E0
|b TXA
|
| 999 |
|
|
|a MARS
|
| 999 |
f |
f |
|s 97619b72-994a-3eb9-bfa3-a5eab3195903
|i 91918d04-0bf6-31ec-9164-7fdc7de8fcde
|t 0
|
| 952 |
f |
f |
|a Texas A&M University
|b Rellis Campus
|c Joint Library Facility
|d Remote Storage
|e VK588 .D4
|h Library of Congress classification
|i unmediated -- volume
|k Jahrg.35-36
|l 1982-1983
|m A14852376301
|p ric
|s JLF
|t 0
|
| 952 |
f |
f |
|a Texas A&M University
|b Rellis Campus
|c Joint Library Facility
|d Remote Storage
|e VK588 .D4
|h Library of Congress classification
|i unmediated -- volume
|k Jahrg.37-38
|l 1984-1985
|m A14852376426
|p ric
|s JLF
|t 0
|
| 952 |
f |
f |
|a Texas A&M University
|b Rellis Campus
|c Joint Library Facility
|d Remote Storage
|e VK588 .D4
|h Library of Congress classification
|i unmediated -- volume
|k Index:11-26
|l 1958-1973
|m A14852376566
|p ric
|s JLF
|t 0
|
| 952 |
f |
f |
|a Texas A&M University
|b Rellis Campus
|c Joint Library Facility
|d Remote Storage
|e VK588 .D4
|h Library of Congress classification
|i unmediated -- volume
|k Jahrg.29:no.1-5
|l 1976
|m A14852376087
|p ric
|s JLF
|t 0
|
| 952 |
f |
f |
|a Texas A&M University
|b Rellis Campus
|c Joint Library Facility
|d Remote Storage
|e VK588 .D4
|h Library of Congress classification
|i unmediated -- volume
|k Jahrg.6-7
|l 1953-1954
|m A14852376350
|p ric
|s JLF
|t 0
|
| 952 |
f |
f |
|a Texas A&M University
|b Rellis Campus
|c Joint Library Facility
|d Remote Storage
|e VK588 .D4
|h Library of Congress classification
|i unmediated -- volume
|k Jahrg.40-41
|l 1987-1988
|m A14812902401
|p ric
|s JLF
|t 0
|
| 952 |
f |
f |
|a Texas A&M University
|b Rellis Campus
|c Joint Library Facility
|d Remote Storage
|e VK588 .D4
|h Library of Congress classification
|i unmediated -- volume
|k Jahrg.27
|l 1974
|m A14852376459
|p ric
|s JLF
|t 0
|
| 952 |
f |
f |
|a Texas A&M University
|b Rellis Campus
|c Joint Library Facility
|d Remote Storage
|e VK588 .D4
|h Library of Congress classification
|i unmediated -- volume
|k Jahrg.14-15
|l 1961-1962
|m A14852376236
|p ric
|s JLF
|t 0
|
| 952 |
f |
f |
|a Texas A&M University
|b Rellis Campus
|c Joint Library Facility
|d Remote Storage
|e VK588 .D4
|h Library of Congress classification
|i unmediated -- volume
|k Jahrg.28
|l 1975
|m A14852376558
|p ric
|s JLF
|t 0
|
| 952 |
f |
f |
|a Texas A&M University
|b Rellis Campus
|c Joint Library Facility
|d Remote Storage
|e VK588 .D4
|h Library of Congress classification
|i unmediated -- volume
|k Jahrg.44
|l 1991/1992
|m A14820373098
|p ric
|s JLF
|t 0
|
| 952 |
f |
f |
|a Texas A&M University
|b Rellis Campus
|c Joint Library Facility
|d Remote Storage
|e VK588 .D4
|h Library of Congress classification
|i unmediated -- volume
|k Jahrg.32
|l 1979
|m A14852376319
|p ric
|s JLF
|t 0
|
| 952 |
f |
f |
|a Texas A&M University
|b Rellis Campus
|c Joint Library Facility
|d Remote Storage
|e VK588 .D4
|h Library of Congress classification
|i unmediated -- volume
|k Jahrg.20
|l 1967
|m A14852376095
|p ric
|s JLF
|t 0
|
| 952 |
f |
f |
|a Texas A&M University
|b Rellis Campus
|c Joint Library Facility
|d Remote Storage
|e VK588 .D4
|h Library of Congress classification
|i unmediated -- volume
|k Jahrg.23
|l 1970
|m A14852376202
|p ric
|s JLF
|t 0
|
| 952 |
f |
f |
|a Texas A&M University
|b Rellis Campus
|c Joint Library Facility
|d Remote Storage
|e VK588 .D4
|h Library of Congress classification
|i unmediated -- volume
|k Jahrg.24
|l 1971
|m A14852376327
|p ric
|s JLF
|t 0
|
| 952 |
f |
f |
|a Texas A&M University
|b Rellis Campus
|c Joint Library Facility
|d Remote Storage
|e VK588 .D4
|h Library of Congress classification
|i unmediated -- volume
|k Jahrg.2
|l 1949
|m A14852376582
|p ric
|s JLF
|t 0
|
| 952 |
f |
f |
|a Texas A&M University
|b Rellis Campus
|c Joint Library Facility
|d Remote Storage
|e VK588 .D4
|h Library of Congress classification
|i unmediated -- volume
|k Jahrg.42-43
|l 1989-1990
|m A14816051993
|p ric
|s JLF
|t 0
|
| 952 |
f |
f |
|a Texas A&M University
|b Rellis Campus
|c Joint Library Facility
|d Remote Storage
|e VK588 .D4
|h Library of Congress classification
|i unmediated -- volume
|k Jahrg.49
|l 1997
|m A14825383690
|p ric
|s JLF
|t 0
|
| 952 |
f |
f |
|a Texas A&M University
|b Rellis Campus
|c Joint Library Facility
|d Remote Storage
|e VK588 .D4
|h Library of Congress classification
|i unmediated -- volume
|k Jahrg.10-11
|l 1957-1958
|m A14852376368
|p ric
|s JLF
|t 0
|
| 952 |
f |
f |
|a Texas A&M University
|b Rellis Campus
|c Joint Library Facility
|d Remote Storage
|e VK588 .D4
|h Library of Congress classification
|i unmediated -- volume
|k Jahrg.1
|l 1948
|m A14852376475
|p ric
|s JLF
|t 0
|
| 952 |
f |
f |
|a Texas A&M University
|b Rellis Campus
|c Joint Library Facility
|d Remote Storage
|e VK588 .D4
|h Library of Congress classification
|i unmediated -- volume
|k Jahrg.45:Suppl.
|l 1993
|m A14820366902
|p ric
|s JLF
|t 0
|
| 952 |
f |
f |
|a Texas A&M University
|b Rellis Campus
|c Joint Library Facility
|d Remote Storage
|e VK588 .D4
|h Library of Congress classification
|i unmediated -- volume
|k Jahrg.26
|l 1973
|m A14852376574
|p ric
|s JLF
|t 0
|
| 952 |
f |
f |
|a Texas A&M University
|b Rellis Campus
|c Joint Library Facility
|d Remote Storage
|e VK588 .D4
|h Library of Congress classification
|i unmediated -- volume
|k Jahrg.25
|l 1972
|m A14852376442
|p ric
|s JLF
|t 0
|
| 952 |
f |
f |
|a Texas A&M University
|b Rellis Campus
|c Joint Library Facility
|d Remote Storage
|e VK588 .D4
|h Library of Congress classification
|i unmediated -- volume
|k Jahrg.51
|l 1999
|m A14828184752
|p ric
|s JLF
|t 0
|
| 952 |
f |
f |
|a Texas A&M University
|b Rellis Campus
|c Joint Library Facility
|d Remote Storage
|e VK588 .D4
|h Library of Congress classification
|i unmediated -- volume
|k Jahrg.50
|l 1998
|m A14827266527
|p ric
|s JLF
|t 0
|
| 952 |
f |
f |
|a Texas A&M University
|b Rellis Campus
|c Joint Library Facility
|d Remote Storage
|e VK588 .D4
|h Library of Congress classification
|i unmediated -- volume
|k Jahrg.17
|l 1964
|m A14852376228
|p ric
|s JLF
|t 0
|
| 952 |
f |
f |
|a Texas A&M University
|b Rellis Campus
|c Joint Library Facility
|d Remote Storage
|e VK588 .D4
|h Library of Congress classification
|i unmediated -- volume
|k Jahrg.39
|l 1986
|m A14852376541
|p ric
|s JLF
|t 0
|
| 952 |
f |
f |
|a Texas A&M University
|b Rellis Campus
|c Joint Library Facility
|d Remote Storage
|e VK588 .D4
|h Library of Congress classification
|i unmediated -- volume
|k Jahrg.45
|l 1993
|m A14820373103
|p ric
|s JLF
|t 0
|
| 952 |
f |
f |
|a Texas A&M University
|b Rellis Campus
|c Joint Library Facility
|d Remote Storage
|e VK588 .D4
|h Library of Congress classification
|i unmediated -- volume
|k Jahrg.18
|l 1965
|m A14852376111
|p ric
|s JLF
|t 0
|
| 952 |
f |
f |
|a Texas A&M University
|b Rellis Campus
|c Joint Library Facility
|d Remote Storage
|e VK588 .D4
|h Library of Congress classification
|i unmediated -- volume
|k Jahrg.47
|l 1995
|m A14823884129
|p ric
|s JLF
|t 0
|
| 952 |
f |
f |
|a Texas A&M University
|b Rellis Campus
|c Joint Library Facility
|d Remote Storage
|e VK588 .D4
|h Library of Congress classification
|i unmediated -- volume
|k Jahrg.19
|l 1966
|m A14852376103
|p ric
|s JLF
|t 0
|
| 952 |
f |
f |
|a Texas A&M University
|b Rellis Campus
|c Joint Library Facility
|d Remote Storage
|e VK588 .D4
|h Library of Congress classification
|i unmediated -- volume
|k Jahrg.8-9
|l 1955-1956
|m A14852376343
|p ric
|s JLF
|t 0
|
| 952 |
f |
f |
|a Texas A&M University
|b Rellis Campus
|c Joint Library Facility
|d Remote Storage
|e VK588 .D4
|h Library of Congress classification
|i unmediated -- volume
|k Jahrg.46
|l 1994
|m A14822173787
|p ric
|s JLF
|t 0
|
| 952 |
f |
f |
|a Texas A&M University
|b Rellis Campus
|c Joint Library Facility
|d Remote Storage
|e VK588 .D4
|h Library of Congress classification
|i unmediated -- volume
|k Jahrg.22
|l 1969
|m A14852376335
|p ric
|s JLF
|t 0
|
| 952 |
f |
f |
|a Texas A&M University
|b Rellis Campus
|c Joint Library Facility
|d Remote Storage
|e VK588 .D4
|h Library of Congress classification
|i unmediated -- volume
|k Jahrg.3
|l 1950
|m A14852376483
|p ric
|s JLF
|t 0
|
| 952 |
f |
f |
|a Texas A&M University
|b Rellis Campus
|c Joint Library Facility
|d Remote Storage
|e VK588 .D4
|h Library of Congress classification
|i unmediated -- volume
|k Jahrg.4-5
|l 1951-1952
|m A14852376467
|p ric
|s JLF
|t 0
|
| 952 |
f |
f |
|a Texas A&M University
|b Rellis Campus
|c Joint Library Facility
|d Remote Storage
|e VK588 .D4
|h Library of Congress classification
|i unmediated -- volume
|k Jahrg.48
|l 1996
|m A14823884179
|p ric
|s JLF
|t 0
|
| 952 |
f |
f |
|a Texas A&M University
|b Rellis Campus
|c Joint Library Facility
|d Remote Storage
|e VK588 .D4
|h Library of Congress classification
|i unmediated -- volume
|k Jahrg.16
|l 1963
|m A14852376129
|p ric
|s JLF
|t 0
|
| 952 |
f |
f |
|a Texas A&M University
|b Rellis Campus
|c Joint Library Facility
|d Remote Storage
|e VK588 .D4
|h Library of Congress classification
|i unmediated -- volume
|k Jahrg.33-34
|l 1980-1981
|m A14852376434
|p ric
|s JLF
|t 0
|
| 952 |
f |
f |
|a Texas A&M University
|b Rellis Campus
|c Joint Library Facility
|d Remote Storage
|e VK588 .D4
|h Library of Congress classification
|i unmediated -- volume
|k Jahrg.12-13
|l 1959-1960
|m A14852376244
|p ric
|s JLF
|t 0
|
| 952 |
f |
f |
|a Texas A&M University
|b Rellis Campus
|c Joint Library Facility
|d Remote Storage
|e VK588 .D4
|h Library of Congress classification
|i unmediated -- volume
|k Jahrg.31
|l 1978
|m A14852376194
|p ric
|s JLF
|t 0
|
| 952 |
f |
f |
|a Texas A&M University
|b Rellis Campus
|c Joint Library Facility
|d Remote Storage
|e VK588 .D4
|h Library of Congress classification
|i unmediated -- volume
|k Jahrg.21
|l 1968
|m A14852376210
|p ric
|s JLF
|t 0
|
| 952 |
f |
f |
|a Texas A&M University
|b Rellis Campus
|c Joint Library Facility
|d Remote Storage
|e VK588 .D4
|h Library of Congress classification
|i unmediated -- volume
|k Jahrg.30
|l 1977
|m A14852376079
|p ric
|s JLF
|t 0
|
| 998 |
f |
f |
|a VK588 .D4
|s Jahrg.30-51 (1977-1999)
|t 0
|l Remote Storage
|